00825nam a2200241Ia 4500003000900000008004100009020001500050040001600065080002000081245011600101260003700217300001300254650001800267650004900285650002200334650002200356700002900378700002900407700002900436942000700465999001500472952009600487IN-BaIIA211028s9999 xx 000 0 eng d a0-8243-091 cIIA Library a047.1:52bARA-3 0aAnnual reviews of astronomy and astrophysicsbvol. 3cedited by Leo Goldberg, Armin J. Deutsch and David Layzer aCaliforniabAnnual Reviewsc1965 avii,438p aAstronomy980 aAstronomy and Astrophysics Thesaurus 91143 aAstrophysics9794 aPeriodicals98949 aDeustsch, Armin J.98950 aGoldberg, Leo, ed.94090 aLayzer, David, ed.94091 cBK c5034d5034 00104070aBANbKAVcGENd1976-09-16l0o047.1:52/ ARA-3p5624r2021-11-05w1976-09-16yBK